00520nam a2200193Ia 4500008004100000041001200041082001200053100003900065245004000104260003500144300000800179365000800187520001300195546001200208630004000220650001300260655001300273730004000286101110s9999 xx 000 0 und d aENGLISH bSR33485 aChopde L.N., Choudhari D.H. & etc. aFinancial accounting Vol. II TYBCom c2009bSheth publishers, Mumbai a559 b145 aCommerce aENGLISH aFinancial accounting Vol. II TYBCom aCommerce aCommerce aFinancial accounting Vol. II TYBCom